Statistics for 500までの素数

Click here to take the quiz!

General Stats

  • This quiz has been taken 11 times
  • The average score is 80 of 95

Answer Stats

番号素数% Correct
12
100%
1341
100%
26101
90%
27103
90%
28107
90%
29109
90%
511
90%
30113
90%
31127
90%
613
90%
32131
90%
33137
90%
34139
90%
35149
90%
36151
90%
37157
90%
38163
90%
717
90%
819
90%
923
90%
1029
90%
23
90%
1131
90%
1237
90%
1443
90%
1547
90%
35
90%
1653
90%
1759
90%
1861
90%
1967
90%
47
90%
2071
90%
2173
90%
2279
90%
2383
90%
2489
90%
2597
90%
39167
80%
40173
80%
41179
80%
42181
80%
43191
80%
44193
80%
45197
80%
46199
80%
47211
80%
48223
80%
49227
80%
50229
80%
51233
80%
52239
80%
53241
80%
54251
80%
55257
80%
56263
80%
57269
80%
58271
80%
59277
80%
60281
80%
61283
80%
62293
80%
63307
80%
64311
80%
65313
80%
66317
80%
67331
80%
68337
80%
69347
80%
70349
80%
71353
80%
72359
80%
73367
80%
74373
80%
75379
80%
76383
80%
77389
80%
78397
80%
79401
80%
80409
80%
81419
80%
82421
80%
83431
80%
84433
80%
85439
80%
86443
80%
87449
80%
88457
80%
89461
80%
90463
80%
91467
80%
92479
80%
93487
80%
94491
80%
95499
80%

Score Distribution

Percentile by Number Answered

Percent of People with Each Score

Your Score History

You have not taken this quiz